000 01452cam a2200373 i 4500
005 20260322212028.0
008 data
010 _a 73021075
020 _a0875892485 :
_c{dollar}12.50
020 _a9780875892481 :
_c{dollar}12.50
040 _aDLC
_cDLC
_dMUQ
043 _an-us---
049 _aYUSS
050 0 _aHQ773
_b.H62
096 _aWS 350 H652f 1975
100 1 _aHobbs, Nicholas.
245 1 4 _aThe futures of children /
_cNicholas Hobbs & Project on Classification of Exceptional Children.
250 _a1st ed.
260 _aSan Francisco :
_bJossey-Bass Publishers,
_c1975.
300 _axviii, 339 p. ;
_c24 cm.
440 4 _aThe Jossey-Bass behavioral science series
500 _aHalf-title: The futures of children : categories, labels, and their consequences : report of the Project on Classification of Exceptional Children.
500 _aIncludes indexes.
504 _aBibliography: p. 301-323.
590 _aBibliography: p. 301-323.
590 _aHalf-title: The futures of children : categories, labels, and their consequences : report of the Project on Classification of Exceptional Children.
590 _aIncludes indexes.
650 0 _aProblem children
_vClassification.
650 0 _aProblem children
_xResearch.
650 0 _aChildren's rights
_zUnited States.
650 0 _aChildren
_xResearch
_xResearch
_zUnited States.
710 2 _aProject on Classification of Exceptional Children.
001 data
999 _c648
_d648